000 00546nam a2200205Ia 4500
005 20250923145938.0
008 008 250917s9999 xx 000 0 eng d
037 _aTextual
040 _aDSWL
_beng
_cDSWL
041 _aeng
_2eng
084 _aQ2, N13
_qDSWL
100 _aFarquhar, J.N.
_9840582
245 4 _aThe crown of Hinduism
_c by J.N. Farquhar
260 _aNew York
_bOxford University Press
_c1915
300 _a469p.
365 _bgift
925 _ggift
942 _cTEXL
_hQ2, N13
999 _c1457661
_d1457661